Ježíš : Mistrův život / John Pollock
Record details
- ISBN: 80-7255-024-1
- Physical Description: 195 s. ; 19 cm
- Publisher: Praha : Návrat domů, 2000
Content descriptions
| General Note: | Přeloženo z angličtiny |
Search for related items by subject
| Subject: | Ježíš Kristus Jesus Christ Bible. Evangelia Bible. Gospels život Ježíše Krista rané křesťanství > 1. století life of Christ early Christianity > 1st century |
| Genre: | biografické romány anglicky psané romány biographical novels fiction in English |
Search for related items by series
Available copies
- 2 of 2 copies available at Common Catalog SPOK.
Holds
- 0 current holds with 2 total copies.
Show Only Available Copies
| Location | Call Number / Copy Notes | Barcode | Shelving Location | Status | Due Date |
|---|---|---|---|---|---|
| ETS Library | 232.9 | 424470008605 | Volný výběr | Available | - |
| Jabok Library | ST-3.9/P | 424480005107 | Odborná literatura | Available | - |
| LDR | 01760nam a2200541 a 4500 | ||
|---|---|---|---|
| 001 | 4984 | ||
| 003 | CZ-PrJAB | ||
| 005 | 20160906110608.0 | ||
| 007 | tu | ||
| 008 | 010201s2000 xr g 000 0bcze | ||
| 015 | . | ‡acnb000983699 | |
| 020 | . | ‡a80-7255-024-1 ‡q(brož.) | |
| 035 | . | ‡a(CZ PrNK)cpk20010983699 | |
| 035 | . | ‡a(OCoLC)85011011 | |
| 040 | . | ‡aABA001 ‡bcze | |
| 041 | 1 | . | ‡acze ‡heng |
| 045 | . | ‡ae-e3 | |
| 072 | 7. | ‡a821.111-3 ‡xAnglická próza, anglicky psaná ‡2Konspekt ‡925 | |
| 072 | 7. | ‡a929 ‡xBiografie ‡2Konspekt ‡98 | |
| 080 | . | ‡a821.111-31 ‡2MRF | |
| 080 | . | ‡a929 ‡2MRF | |
| 080 | . | ‡a27-312 ‡2MRF | |
| 080 | . | ‡a27-9"00" ‡2MRF | |
| 080 | . | ‡a(0:82-312.6) ‡2MRF | |
| 082 | 1 | 4. | ‡a232.9 |
| 100 | 1 | . | ‡aPollock, John ‡7jn20010310173 ‡4aut |
| 245 | 1 | 0. | ‡aJežíš : ‡bMistrův život / ‡cJohn Pollock |
| 246 | 3 | 3. | ‡aJežíš - Mistrův život |
| 260 | . | ‡aPraha : ‡bNávrat domů, ‡c2000 | |
| 300 | . | ‡a195 s. ; ‡c19 cm | |
| 490 | 1 | . | ‡aTvůrci dějin ; ‡vsv. 4 |
| 500 | . | ‡aPřeloženo z angličtiny | |
| 600 | 0 | 7. | ‡aJežíš Kristus ‡7ola2002103454 ‡2czenas |
| 600 | 0 | 9. | ‡aJesus Christ ‡2eczenas |
| 630 | 0 | 7. | ‡aBible. ‡pEvangelia ‡7unn2006374683 ‡2czenas |
| 630 | 0 | 9. | ‡aBible. ‡pGospels ‡2eczenas |
| 648 | 7. | ‡a1. století ‡7ch460539 ‡2czenas | |
| 650 | 0 | 7. | ‡aživot Ježíše Krista ‡7ph138453 ‡2czenas |
| 650 | 0 | 7. | ‡arané křesťanství ‡7ph125028 ‡y1. století ‡2czenas |
| 650 | 0 | 9. | ‡alife of Christ ‡2eczenas |
| 650 | 0 | 9. | ‡aearly Christianity ‡y1st century ‡2eczenas |
| 655 | 7. | ‡abiografické romány ‡7fd131905 ‡2czenas | |
| 655 | 7. | ‡aanglicky psané romány ‡7fd131805 ‡2czenas | |
| 655 | 9. | ‡abiographical novels ‡2eczenas | |
| 655 | 9. | ‡afiction in English ‡2eczenas | |
| 765 | 0 | . | ‡tJesus: the Master ‡9Česky |
| 830 | 0. | ‡aTvůrci dějin | |
| 910 | . | ‡aABG450 | |
| 910 | . | ‡aABG312 | |
| 999 | . | ‡a4621 ‡bAUTOGEN ‡c4621 ‡tbiblio | |
| 901 | . | ‡a4984 ‡bUnknown ‡c4984 ‡tbiblio ‡sets | |